[Event "Pontevedra op-A 10th"]
[Site "Pontevedra"]
[Date "2022.07.26"]
[Round "4"]
[White "Macqueron, Gregory"]
[Black "Baldus Martin, Juan"]
[Result "1-0"]
[WhiteElo "1936"]
[BlackElo "2007"]
[PlyCount "85"]
[EventDate "2022.07.24"]
[EventType "swiss"]
[EventRounds "9"]
[EventCountry "ESP"]
[SourceTitle "EXT 2023"]
[Source "ChessBase"]
[SourceDate "2022.10.05"]
[SourceVersion "1"]
[SourceVersionDate "2022.10.05"]
[SourceQuality "1"]

1. d4 d5 2. Nc3 Nf6 3. Bf4 Bf5 4. f3 e6 5. g4 Bg6 6. h4 h5 7. g5 Ng8 8. e3 Bd6 9. Nge2 Ne7 10. Qd2 0-0 11. 0-0-0 c6 12. Bxd6 Qxd6 13. Nf4 b5 14. Bd3 Nd7 15. Qh2 e5 16. Nfe2 Qc7 17. Qh3 Bxd3 18. Rxd3 Nb6 19. Ng3 g6 20. dxe5 Qxe5 21. f4 Qe6 22. f5 Nxf5 23. Nxf5 Qxf5 24. Qxf5 gxf5 25. Ne2 Nc4 26. Nf4 Rae8 27. Rh3 Ne5 28. Ra3 Re7 29. Nxh5 Rd8 30. Ng3 f4 31. Nf5 Re6 32. Nd4 Ree8 33. exf4 Nc4 34. Rad3 Re1+ 35. Rd1 Rxd1+ 36. Kxd1 c5 37. Nc6 Rd6 38. Ne7+ Kf8 39. Nf5 Ra6 40. b3 Nb6 41. h5 Rxa2 42. h6 Kg8 43. h7+ 1-0

[Event "Madrid-chT Honor 2122"]
[Site "Madrid"]
[Date "2022.02.13"]
[Round "9.5"]
[White "Baldus Martin, Juan"]
[Black "Rodriguez Melendez, Juan Humbert"]
[Result "1/2-1/2"]
[WhiteElo "1998"]
[BlackElo "2149"]
[PlyCount "120"]
[EventDate "2021.11.27"]
[EventType "team-tourn"]
[EventRounds "14"]
[EventCountry "ESP"]
[SourceTitle "EXT 2024"]
[Source "ChessBase"]
[SourceDate "2023.10.10"]
[SourceVersion "1"]
[SourceVersionDate "2023.10.10"]
[SourceQuality "1"]
[WhiteTeam "La Didactica"]
[BlackTeam "Blanco y Negro"]
[WhiteTeamCountry "ESP"]
[BlackTeamCountry "ESP"]

1. d4 Nf6 2. c4 g6 3. Nc3 d5 4. cxd5 Nxd5 5. e4 Nxc3 6. bxc3 Bg7 7. Be3 c5 8. Rc1 Qa5 9. Qd2 cxd4 10. cxd4 Qxd2+ 11. Bxd2 0-0 12. Nf3 Bg4 13. d5 e6 14. Bc4 exd5 15. Bxd5 Nc6 16. 0-0 Bxf3 17. gxf3 Rac8 18. Kg2 Rfd8 19. Rc2 Nd4 20. Rxc8 Rxc8 21. Bxb7 Rc2 22. Be3 Rxa2 23. Rd1 Ra4 24. Rc1 Bf8 25. Bd5 Ne6 26. Rc8 Kg7 27. Bxe6 fxe6 28. Rc7+ Kg8 29. Bxa7 Bd6 30. Rd7 Be5 31. Be3 h5 32. Bg5 Ra6 33. f4 Bg7 34. e5 Bf8 35. Rc7 Ra3 36. h4 Ra5 37. Kf3 Rc5 38. Rb7 Rc2 39. Ke3 Rc3+ 40. Kd4 Rc2 41. f3 Rf2 42. Kc3 Rxf3+ 43. Kc4 Rf1 44. Rd7 Ra1 45. Kb5 Rc1 46. Kb6 Rc4 47. Kb7 Rc2 48. Bd8 Rc4 49. Bg5 Rc2 50. Rd4 Kf7 51. Bf6 Ke8 52. Rd8+ Kf7 53. Rd4 Ke8 54. Rd8+ Kf7 55. Rd7+ Ke8 56. Rh7 Rd2 57. Kc6 Rc2+ 58. Kb5 Rb2+ 59. Kc6 Rc2+ 60. Kb5 Rb2+ 1/2-1/2

[Event "Tres Cantos op 11th"]
[Site "Tres Cantos"]
[Date "2019.06.30"]
[Round "9"]
[White "Ballesteros Avila, Antonio"]
[Black "Baldus Martin, Juan"]
[Result "1-0"]
[WhiteElo "2039"]
[BlackElo "1925"]
[PlyCount "117"]
[EventDate "2019.06.22"]
[EventType "swiss"]
[EventRounds "9"]
[EventCountry "ESP"]
[SourceTitle "CBM 195 Extra"]
[Source "ChessBase"]
[SourceDate "2020.05.31"]
[SourceVersion "1"]
[SourceVersionDate "2020.05.31"]
[SourceQuality "1"]

1. e4 e6 2. d4 d5 3. Bd3 dxe4 4. Bxe4 Nf6 5. Bf3 c5 6. Ne2 Nc6 7. Be3 e5 8. Bxc6+ bxc6 9. dxe5 Qxd1+ 10. Kxd1 Ng4 11. Nd2 Nxe5 12. Re1 Ba6 13. Nc3 0-0-0 14. Kc1 Ng4 15. Bg5 f6 16. Bh4 g5 17. Bg3 h5 18. h3 h4 19. Bf4 Nh6 20. Bh2 g4 21. Nce4 Re8 22. Kd1 f5 23. Nd6+ Bxd6 24. Bxd6 Rxe1+ 25. Kxe1 Re8+ 26. Kd1 gxh3 27. gxh3 Be2+ 28. Kc1 Bg4 29. b3 Re1+ 30. Kb2 Rxa1 31. Kxa1 Bxh3 32. Nf3 c4 33. bxc4 Bf1 34. Nxh4 Bxc4 35. Bc5 Be6 36. Bxa7 Kb7 37. Be3 Ng4 38. Ng6 Ka6 39. Kb2 Kb5 40. a3 Kc4 41. Nf4 Bd7 42. Nd3 Kd5 43. Kc3 Bc8 44. Nb4+ Kd6 45. a4 Nf6 46. Nd3 Nd5+ 47. Kd4 Ba6 48. Bf4+ Nxf4 49. Nxf4 c5+ 50. Ke3 Ke5 51. a5 Bc8 52. c3 c4 53. Ne2 Bb7 54. f4+ Kd6 55. Nd4 Bc8 56. Nc2 Kc5 57. Nb4 Bb7 58. a6 Be4 59. Kf2 1-0

[Event "Tres Cantos op 11th"]
[Site "Tres Cantos"]
[Date "2019.06.26"]
[Round "5"]
[White "Baldus Martin, Juan"]
[Black "Pindado Campos, Raul"]
[Result "1/2-1/2"]
[WhiteElo "1925"]
[BlackElo "2103"]
[PlyCount "96"]
[EventDate "2019.06.22"]
[EventType "swiss"]
[EventRounds "9"]
[EventCountry "ESP"]
[SourceTitle "CBM 195 Extra"]
[Source "ChessBase"]
[SourceDate "2020.05.31"]
[SourceVersion "1"]
[SourceVersionDate "2020.05.31"]
[SourceQuality "1"]

1. d4 d5 2. c4 e6 3. Nc3 Nf6 4. Nf3 Be7 5. Bg5 0-0 6. e3 b6 7. cxd5 Nxd5 8. Bxe7 Nxe7 9. Bd3 h6 10. Rc1 Bb7 11. Ne5 a6 12. 0-0 Nd7 13. Nxd7 Qxd7 14. Qe2 Rfd8 15. Rfd1 Nd5 16. a3 Nxc3 17. Rxc3 Qe7 18. Qh5 Rd7 19. Rdc1 Rad8 20. Bf1 c5 21. dxc5 Rd5 22. Qf3 Rxc5 23. Qg3 Rxc3 24. Rxc3 Qf6 25. h3 b5 26. Bd3 Bd5 27. e4 Ba2 28. e5 Qe7 29. b3 Qxa3 30. Qh4 Qf8 31. Qe4 g6 32. Bc2 a5 33. h4 a4 34. bxa4 bxa4 35. h5 Bb3 36. hxg6 Bxc2 37. Qxc2 Qg7 38. gxf7+ Qxf7 39. Qxa4 Qh5 40. Rc1 Qxe5 41. Qh4 Qg5 42. Qxg5+ hxg5 43. Rc7 Rd1+ 44. Kh2 Rd5 45. Kg3 Rf5 46. f3 Rf7 47. Rxf7 Kxf7 48. Kg4 Kg6 1/2-1/2

[Event "Tres Cantos op 10th"]
[Site "Tres Cantos"]
[Date "2018.06.29"]
[Round "9.24"]
[White "Chidichimo, Pedro Jose Maria"]
[Black "Baldus Martin, Juan"]
[Result "1/2-1/2"]
[WhiteElo "1797"]
[BlackElo "1885"]
[PlyCount "91"]
[EventDate "2018.06.21"]
[EventType "swiss"]
[EventRounds "9"]
[EventCountry "ESP"]
[SourceTitle "EXT 2024"]
[Source "ChessBase"]
[SourceDate "2023.10.10"]
[SourceVersion "1"]
[SourceVersionDate "2023.10.10"]
[SourceQuality "1"]

1. e4 e6 2. d3 d5 3. Nd2 Nf6 4. Ngf3 c5 5. Be2 Nc6 6. c3 Be7 7. 0-0 0-0 8. Re1 b6 9. Bf1 Qc7 10. a3 Bb7 11. b4 Rad8 12. Bb2 dxe4 13. dxe4 Ne5 14. Nxe5 Qxe5 15. Qc2 Qf4 16. Bc1 Qc7 17. Qb3 Bd6 18. g3 h5 19. Bg2 Rd7 20. Nc4 Be7 21. Bf4 Qc8 22. Ne5 Rdd8 23. b5 Ng4 24. Nxg4 hxg4 25. Red1 Qa8 26. Qc4 a6 27. a4 axb5 28. axb5 Rxd1+ 29. Rxd1 Rd8 30. Rxd8+ Qxd8 31. Qe2 Qd7 32. e5 Bxg2 33. Kxg2 Qd5+ 34. Kg1 c4 35. Qxg4 Qxb5 36. Be3 Qb1+ 37. Kg2 b5 38. Qd4 Qb3 39. Bd2 Qb1 40. Kf3 Qh1+ 41. Ke2 Qc6 42. Be3 b4 43. cxb4 Bxb4 44. Qb6 Qa4 45. Qd8+ Kh7 46. Qh4+ 1/2-1/2

[Event "Tres Cantos op 10th"]
[Site "Tres Cantos"]
[Date "2018.06.22"]
[Round "2.32"]
[White "Baldus Martin, Juan"]
[Black "Garcia Minguez, Antonio"]
[Result "1-0"]
[WhiteElo "1885"]
[BlackElo "1517"]
[PlyCount "101"]
[EventDate "2018.06.21"]
[EventType "swiss"]
[EventRounds "9"]
[EventCountry "ESP"]
[SourceTitle "EXT 2024"]
[Source "ChessBase"]
[SourceDate "2023.10.10"]
[SourceVersion "1"]
[SourceVersionDate "2023.10.10"]
[SourceQuality "1"]

1. d4 d5 2. c4 e6 3. Nc3 Nf6 4. Nf3 Nbd7 5. e3 c5 6. cxd5 cxd4 7. dxe6 dxc3 8. exd7+ Qxd7 9. Qb3 cxb2 10. Bxb2 Qe6 11. Bc4 Qe7 12. Ng5 Qb4+ 13. Bc3 Qxb3 14. Bxb3 Be7 15. Bxf7+ Kf8 16. Bb3 h6 17. Ne6+ Bxe6 18. Bxe6 Rd8 19. 0-0 h5 20. Rfd1 Rxd1+ 21. Rxd1 Rh6 22. Bb3 Ne4 23. Bd4 b6 24. Bd5 Nc5 25. Bf3 g5 26. h3 h4 27. Be5 a5 28. Bc7 Rf6 29. Rb1 Na4 30. Bg4 Nc3 31. Rxb6 Rxb6 32. Bxb6 a4 33. Be6 Bf6 34. Bc5+ Ke8 35. Kf1 Kd8 36. f3 Kc7 37. Ke1 Kc6 38. Bb4 Nd5 39. Bxd5+ Kxd5 40. Kd2 Kc4 41. Bf8 Bc3+ 42. Kc2 Bf6 43. Ba3 Bd8 44. Bb2 Be7 45. Kd2 Bb4+ 46. Kc2 Be7 47. f4 Bc5 48. fxg5 Bxe3 49. g6 a3 50. Bxa3 Kd4 51. Bb2+ 1-0

[Event "Madrid Chamartin op 4th"]
[Site "Madrid"]
[Date "2015.09.06"]
[Round "1"]
[White "Perez Mitjans, Orelvis"]
[Black "Baldus Martin, Juan"]
[Result "1-0"]
[WhiteElo "2445"]
[BlackElo "1693"]
[PlyCount "43"]
[EventDate "2015.09.06"]
[EventType "swiss"]
[EventRounds "9"]
[EventCountry "ESP"]
[SourceTitle "EXT 2016"]
[Source "ChessBase"]
[SourceDate "2015.10.08"]
[SourceVersion "1"]
[SourceVersionDate "2015.10.08"]
[SourceQuality "1"]

1. e4 c5 2. Nf3 d6 3. d4 cxd4 4. Nxd4 Nf6 5. f3 a6 6. c4 g6 7. Nc3 Bg7 8. Be3 Nc6 9. Be2 0-0 10. Qd2 Qc7 11. 0-0 Bd7 12. Rac1 e6 13. Rfd1 Rfd8 14. Nd5 exd5 15. cxd5 Be8 16. b4 Rac8 17. dxc6 Bxc6 18. Nxc6 bxc6 19. Bxa6 Rb8 20. a4 d5 21. e5 Qxe5 22. Bf4 1-0